00617nam a2200181Ia 4500008004100000041000800041082001900049100002500068245003200093260003800125300000900163500001200172500001600184650002400200700003800224999001700262952015600279230125s9999 xx 000 0 und d aeng a332.1bCHH TAN aChhabra T N9110833 aLaw and practice of banking c1991bDhanpat Rai and sonsaDelhi a520p aBanking aBanking law aFinancial Economics aChhabra T N & Taneja P L9110834 c87695d87695 00104070aHIMRbHIMRd1999-08-06eEverest publisherg42.50l0o332.1 CHH/TAN B01728pHIMR-BK-1728r2023-01-25 00:00:00v42.50w1999-06-08yBKzB01728